[Event "Donostia Gipuzkoa-ch"]
[Site "San Sebastian"]
[Date "2013.11.02"]
[Round "5"]
[White "Galarraga Lasa, Jon Gurutz"]
[Black "Perez Cela, David"]
[Result "0-1"]
[WhiteElo "1914"]
[BlackElo "2036"]
[PlyCount "60"]
[EventDate "2013.10.05"]
[EventType "swiss"]
[EventRounds "7"]
[EventCountry "ESP"]
[SourceTitle "EXT 2015"]
[Source "ChessBase"]
[SourceDate "2014.11.20"]
[SourceVersion "1"]
[SourceVersionDate "2014.11.20"]
[SourceQuality "1"]

1. Nf3 Nf6 2. d4 c5 3. e3 b6 4. c4 e6 5. Nc3 Be7 6. Bd3 Bb7 7. 0-0 0-0 8. Qc2 d6 9. Ne4 h6 10. b3 Nc6 11. a3 Rc8 12. Bb2 Na5 13. Ng3 d5 14. Rfd1 Qe8 15. Ne5 cxd4 16. Bxd4 dxc4 17. bxc4 Nc6 18. Bc3 Nxe5 19. Bxe5 Qc6 20. f3 Ba6 21. Rac1 Rfd8 22. Qb2 Kf8 23. Ne4 Ne8 24. Bd4 f6 25. c5 Bxd3 26. cxb6 Qb5 27. b7 Rxc1 28. Rxc1 Qxb2 29. Bxb2 Bxe4 30. fxe4 Rb8 0-1

[Event "Donostia Gipuzkoa-ch"]
[Site "San Sebastian"]
[Date "2013.10.19"]
[Round "3"]
[White "Galarraga Lasa, Jon Gurutz"]
[Black "Elduayen Etxave, Ramon"]
[Result "1-0"]
[WhiteElo "1914"]
[BlackElo "1704"]
[PlyCount "121"]
[EventDate "2013.10.05"]
[EventType "swiss"]
[EventRounds "7"]
[EventCountry "ESP"]
[SourceTitle "EXT 2015"]
[Source "ChessBase"]
[SourceDate "2014.11.20"]
[SourceVersion "1"]
[SourceVersionDate "2014.11.20"]
[SourceQuality "1"]

1. d4 d6 2. c4 e5 3. Nc3 Nd7 4. Nf3 Ngf6 5. Bg5 Be7 6. e3 c6 7. Be2 0-0 8. 0-0 Qc7 9. Rc1 Re8 10. Qc2 Nf8 11. Rfd1 h6 12. Bxf6 Bxf6 13. d5 c5 14. h3 a6 15. a3 Ng6 16. b4 b6 17. Bd3 Nf8 18. Nd2 Bd7 19. Bf5 Qc8 20. Bxd7 Qxd7 21. Rb1 Reb8 22. bxc5 bxc5 23. Rxb8 Rxb8 24. Rb1 Rxb1+ 25. Qxb1 Qc7 26. Qb3 Nd7 27. Qa4 Qc8 28. Qc6 Qxc6 29. dxc6 Nb6 30. c7 Nc8 31. Nd5 Be7 32. Nb3 Kf8 33. Na5 Ke8 34. Nc6 Bf6 35. a4 e4 36. a5 Bb2 37. Nb8 Bc1 38. Nb6 Ne7 39. c8Q+ Nxc8 40. Nxc8 Kd8 41. Nxd6 Kc7 42. Nxe4 Kxb8 43. Nxc5 Ka7 44. Kf1 Bd2 45. Nb3 Bb4 46. Ke2 Kb7 47. Kd3 Kc6 48. Kd4 Kd6 49. e4 Kc6 50. f4 Be1 51. e5 Bf2+ 52. Ke4 Kd7 53. g4 g5 54. f5 Kc6 55. e6 f6 56. Nd4+ Kd6 57. c5+ Kc7 58. Kd5 Be1 59. c6 Bb4 60. Nb3 Kd8 61. Nc5 1-0

[Event "Donostia Gipuzkoa-ch"]
[Site "San Sebastian"]
[Date "2013.10.12"]
[Round "2"]
[White "Sanchez Ruesga, Hector"]
[Black "Galarraga Lasa, Jon Gurutz"]
[Result "1-0"]
[WhiteElo "2074"]
[BlackElo "1914"]
[PlyCount "67"]
[EventDate "2013.10.05"]
[EventType "swiss"]
[EventRounds "7"]
[EventCountry "ESP"]
[SourceTitle "EXT 2015"]
[Source "ChessBase"]
[SourceDate "2014.11.20"]
[SourceVersion "1"]
[SourceVersionDate "2014.11.20"]
[SourceQuality "1"]

1. d4 Nf6 2. c4 e6 3. g3 d5 4. Bg2 Bb4+ 5. Bd2 Qe7 6. Nf3 0-0 7. 0-0 Nc6 8. Bf4 dxc4 9. Qc2 Bd6 10. Nbd2 Bd7 11. Qxc4 Na5 12. Qc3 Nc6 13. Nb3 Bxf4 14. gxf4 Nd5 15. Qd2 Qd6 16. e3 Nf6 17. Nc5 Rab8 18. Ne5 Rfd8 19. Rac1 Be8 20. Nxb7 Rxb7 21. Nxc6 Bxc6 22. Rxc6 Qe7 23. Rfc1 Nd5 24. b3 Rd6 25. Rxd6 Qxd6 26. Qa5 Kf8 27. Rc5 Ke7 28. Bxd5 exd5 29. Rxd5 Qg6+ 30. Rg5 Qb1+ 31. Kg2 Qe4+ 32. Kg3 Qb1 33. Qc5+ Kd7 34. Rd5+ 1-0

[Event "San Sebastian op 36th"]
[Site "San Sebastian"]
[Date "2013.03.26"]
[Round "5"]
[White "Galarraga Lasa, Jon Gurutz"]
[Black "Arri Martinez, Iker"]
[Result "1/2-1/2"]
[WhiteElo "1904"]
[BlackElo "1616"]
[PlyCount "86"]
[EventDate "2013.03.23"]
[EventType "swiss"]
[EventRounds "9"]
[EventCountry "ESP"]
[SourceTitle "CBM 153 Extra"]
[Source "ChessBase"]
[SourceDate "2013.04.22"]
[SourceVersion "1"]
[SourceVersionDate "2013.04.22"]
[SourceQuality "1"]

1. d4 Nf6 2. Bg5 g6 3. Nd2 Bg7 4. e4 d6 5. Ngf3 0-0 6. Be2 b6 7. 0-0 Bb7 8. d5 e5 9. c4 Nbd7 10. b4 c5 11. a3 a5 12. Qb3 Qc7 13. Rab1 Ra7 14. Ne1 axb4 15. axb4 Rfa8 16. Nc2 cxb4 17. Qxb4 Ra4 18. Qb3 Nc5 19. Qxb6 Qxb6 20. Rxb6 Nfxe4 21. Nxe4 Nxe4 22. Be7 Ba6 23. Rfb1 h5 24. Bd3 Nd2 25. R1b4 Bxc4 26. Bxc4 Nxc4 27. Rxa4 Rxa4 28. Rc6 e4 29. g3 Be5 30. Kg2 Ra7 31. Rxc4 Rxe7 32. Rxe4 f5 33. Rc4 Kf7 34. f4 Bf6 35. Kf3 Rb7 36. Rc6 Ke7 37. Ne3 Rb3 38. Rc7+ Kd8 39. Rc4 Bc3 40. Kg2 Bb4 41. Nc2 Bc5 42. Ne1 Rb2+ 43. Kh3 Ke7 1/2-1/2

[Event "San Sebastian Primavera de Gros 7th op"]
[Site "San Sebastian"]
[Date "2011.06.04"]
[Round "5.15"]
[White "Gonzalez Pueyo, Patricia"]
[Black "Galarraga Lasa, Jon Gurutz"]
[Result "0-1"]
[WhiteElo "1642"]
[BlackElo "1855"]
[PlyCount "112"]
[EventDate "2011.05.07"]
[EventType "swiss"]
[EventRounds "7"]
[EventCountry "ESP"]
[SourceTitle "EXT 2024"]
[Source "ChessBase"]
[SourceDate "2023.10.10"]
[SourceVersion "1"]
[SourceVersionDate "2023.10.10"]
[SourceQuality "1"]

1. e4 c6 2. d4 d5 3. e5 Bf5 4. g4 Bg6 5. h4 h6 6. h5 Bh7 7. e6 Qd6 8. exf7+ Kxf7 9. Bd3 Qe6+ 10. Be3 Bxd3 11. Qxd3 Qxg4 12. Nf3 Nd7 13. Nbd2 Ke8 14. 0-0-0 Qe6 15. Nh4 Ngf6 16. Nf5 Ne4 17. Nh4 Nxd2 18. Bxd2 Qf6 19. Rde1 Kd8 20. Ng6 Rg8 21. Bb4 e6 22. Nxf8 Nxf8 23. Re5 Nd7 24. Re2 Kc7 25. Qg3+ Kc8 26. Qd6 Re8 27. Ba5 Nb6 28. Rhe1 Qe7 29. Qxe6+ Qxe6 30. Rxe6 Kd7 31. R6e5 Nc4 32. Rxe8 Rxe8 33. Rxe8 Kxe8 34. Bc7 Kd7 35. Bf4 Ke6 36. b3 Nd6 37. Be5 Ne8 38. Kd2 Kf5 39. c4 Kg5 40. Ke3 Kxh5 41. Kf4 Kg6 42. Kg4 Nf6+ 43. Kh4 Kf5 44. f4 g5+ 45. fxg5 hxg5+ 46. Kh3 Ng4 47. Bg3 Ne3 48. cxd5 cxd5 49. Be5 Ke4 50. a4 Nf5 51. Bf6 Nxd4 52. b4 Ne6 53. b5 d4 54. Be7 d3 55. Bb4 Ke3 56. Kg4 d2 0-1

[Event "San Sebastian Primavera de Gros 7th op"]
[Site "San Sebastian"]
[Date "2011.05.28"]
[Round "4.10"]
[White "Galarraga Lasa, Jon Gurutz"]
[Black "Garay Lenne, Luis Maria"]
[Result "0-1"]
[WhiteElo "1855"]
[BlackElo "1983"]
[PlyCount "92"]
[EventDate "2011.05.07"]
[EventType "swiss"]
[EventRounds "7"]
[EventCountry "ESP"]
[SourceTitle "EXT 2024"]
[Source "ChessBase"]
[SourceDate "2023.10.10"]
[SourceVersion "1"]
[SourceVersionDate "2023.10.10"]
[SourceQuality "1"]

1. d4 Nf6 2. Bg5 g6 3. Bxf6 exf6 4. e3 Bg7 5. Nf3 d6 6. c4 0-0 7. Nc3 f5 8. Be2 c6 9. 0-0 Nd7 10. Qc2 Nf6 11. Rfd1 Re8 12. b4 Qe7 13. Rab1 Ne4 14. Nxe4 fxe4 15. Nd2 f5 16. c5 d5 17. b5 f4 18. bxc6 bxc6 19. Qa4 fxe3 20. fxe3 Qg5 21. Rb3 Bh3 22. Bf1 Rf8 23. Qa6 Rf6 24. g3 Bg4 25. Be2 Raf8 26. Bxg4 Qxg4 27. Rf1 Rxf1+ 28. Nxf1 Qd1 29. Kg2 Qf3+ 30. Kg1 Qf2+ 31. Kh1 Qxf1+ 32. Qxf1 Rxf1+ 33. Kg2 Ra1 34. Rb8+ Bf8 35. Rb2 h5 36. h4 Bg7 37. Kf2 Kh7 38. Kg2 Kh6 39. Kf2 Bf6 40. Kg2 Bd8 41. Rb8 Rxa2+ 42. Kf1 Ba5 43. Rc8 Bd2 44. Rxc6 Bxe3 45. Rd6 Bxd4 46. Rxd5 Bf2 0-1

[Event "San Sebastian Primavera de Gros 7th op"]
[Site "San Sebastian"]
[Date "2011.05.14"]
[Round "2.6"]
[White "Galarraga Lasa, Jon Gurutz"]
[Black "Moreno Vicuna, Eugenio"]
[Result "1-0"]
[WhiteElo "1855"]
[BlackElo "2090"]
[PlyCount "111"]
[EventDate "2011.05.07"]
[EventType "swiss"]
[EventRounds "7"]
[EventCountry "ESP"]
[SourceTitle "EXT 2024"]
[Source "ChessBase"]
[SourceDate "2023.10.10"]
[SourceVersion "1"]
[SourceVersionDate "2023.10.10"]
[SourceQuality "1"]

1. d4 Nf6 2. c4 e6 3. Nc3 Bb4 4. e3 c5 5. Bd3 0-0 6. Nf3 d5 7. 0-0 dxc4 8. Bxc4 a6 9. a3 Bxc3 10. bxc3 b5 11. Be2 c4 12. Nd2 Bb7 13. Bf3 Bxf3 14. Qxf3 Nbd7 15. e4 e5 16. Rd1 Re8 17. a4 Rb8 18. axb5 axb5 19. Ba3 exd4 20. cxd4 c3 21. e5 cxd2 22. Bb4 Nxe5 23. dxe5 Rxe5 24. Rxd2 Rd5 25. Rad1 Rxd2 26. Rxd2 Qe8 27. Qd1 h6 28. h3 Qe4 29. Rd4 Qc6 30. Qd3 Rc8 31. Bc3 Qe8 32. Bb2 Qe1+ 33. Kh2 Qe5+ 34. g3 Re8 35. Rb4 Qc5 36. Qd4 Qxd4 37. Bxd4 Rb8 38. Bb2 Kf8 39. Kg2 Ke7 40. Kf3 Ke6 41. Ke2 Rb7 42. Kd3 g6 43. Kc2 Nd5 44. Re4+ Kd6 45. Kb3 f5 46. Ba3+ Kd7 47. Re5 Nc7 48. Re7+ Kc6 49. Rg7 b4 50. Rxg6+ Kd5 51. Bc1 Ke4 52. Rxh6 Kf3 53. Rh7 Ra7 54. Bf4 Nb5 55. Rxa7 Nxa7 56. Kxb4 1-0

[Event "San Sebastian op 30th"]
[Site "San Sebastian"]
[Date "2007.04.05"]
[Round "5"]
[White "Argandona Riveiro, Jon"]
[Black "Galarraga Lasa, Jon Gurutz"]
[Result "0-1"]
[WhiteElo "1950"]
[BlackElo "1840"]
[PlyCount "80"]
[EventDate "2007.04.01"]
[EventType "swiss"]
[EventRounds "9"]
[EventCountry "ESP"]
[SourceTitle "CBM 117 Extra"]
[Source "ChessBase"]
[SourceDate "2007.05.09"]
[SourceVersion "1"]
[SourceVersionDate "2007.05.09"]
[SourceQuality "1"]

1. e4 c5 2. Nf3 d6 3. d3 Nc6 4. Be2 g6 5. c3 Bg7 6. Nbd2 e6 7. 0-0 Nge7 8. Re1 0-0 9. Bf1 Qc7 10. a4 a6 11. Nc4 d5 12. Na3 Rb8 13. g3 b5 14. axb5 axb5 15. Bf4 e5 16. Be3 d4 17. cxd4 cxd4 18. Bd2 h6 19. Qe2 Be6 20. Rec1 Qd7 21. Ne1 f5 22. Bg2 f4 23. gxf4 exf4 24. Nf3 g5 25. Qd1 Ng6 26. Qc2 Rfc8 27. Qd1 g4 28. Ne1 f3 29. Bf1 Qe7 30. Nac2 Qh4 31. Ra6 Be5 32. h3 Nf4 33. Nxf3 gxf3 34. Qxf3 Kh8 35. Ne1 Rg8+ 36. Kh1 Bxh3 37. Bxh3 Nxh3 38. Ng2 Nxf2+ 39. Kg1 Qh2+ 40. Kxf2 Rxg2+ 0-1

[Event "San Sebastian Gros op 16th"]
[Site "San Sebastian"]
[Date "2006.09.26"]
[Round "6"]
[White "Galarraga Lasa, Jon Gurutz"]
[Black "Pinilla Santibanez, Roberto"]
[Result "0-1"]
[WhiteElo "1844"]
[BlackElo "2114"]
[PlyCount "46"]
[EventDate "2006.09.21"]
[EventType "swiss"]
[EventRounds "9"]
[EventCountry "ESP"]
[SourceTitle "CBM 114 Extra"]
[Source "ChessBase"]
[SourceDate "2006.11.03"]
[SourceVersion "1"]
[SourceVersionDate "2006.11.03"]
[SourceQuality "1"]

1. e4 e5 2. Nf3 Nc6 3. Bc4 Nf6 4. d3 Bc5 5. 0-0 d6 6. a3 Bg4 7. Be3 Bb6 8. Nbd2 Qe7 9. b4 Rd8 10. Qe1 0-0 11. h3 Bc8 12. Ba2 Kh8 13. Bg5 h6 14. Bh4 g5 15. Bg3 Nh5 16. Bh2 Rg8 17. Nc4 g4 18. Nxb6 gxf3 19. Qe3 Qg5 20. Qxg5 Rxg5 21. Nxc8 fxg2 22. Rfd1 Nd4 23. Bg3 Nf4 0-1

[Event "Gipuzkoa Provinz-ch"]
[Site "Azkoitia"]
[Date "2005.11.19"]
[Round "6"]
[White "Galarraga Lasa, Jon Gurutz"]
[Black "Irure Crespo, Egoitz"]
[Result "0-1"]
[WhiteElo "1875"]
[BlackElo "1977"]
[PlyCount "114"]
[EventDate "2005.10.15"]
[EventType "swiss"]
[EventRounds "7"]
[EventCountry "ESP"]
[SourceTitle "EXT 2022"]
[Source "ChessBase"]
[SourceDate "2021.10.06"]
[SourceVersion "1"]
[SourceVersionDate "2021.10.06"]
[SourceQuality "1"]

1. e4 d5 2. exd5 Nf6 3. d4 Bg4 4. Be2 Bxe2 5. Qxe2 Qxd5 6. Nf3 e6 7. Bf4 Bd6 8. Nc3 Qa5 9. Bxd6 cxd6 10. 0-0 0-0 11. Qb5 Qc7 12. Qd3 a6 13. Rfe1 Nbd7 14. Ng5 Rac8 15. Rac1 Qc4 16. Qd2 Qb4 17. Re3 Rc4 18. Rd3 Rfc8 19. Nce4 Qxb2 20. c3 Qxd2 21. Rxd2 d5 22. Nd6 Rxc3 23. Rxc3 Rxc3 24. Kf1 b5 25. Ngxf7 Rc6 26. Ke2 Nb6 27. Nb7 Nc4 28. Rc2 Na5 29. Rxc6 Nxc6 30. Ne5 Nxd4+ 31. Kd3 Nf5 32. Nc5 Kf8 33. Nxe6+ Ke7 34. Nd4 Nxd4 35. Kxd4 Kd6 36. f3 a5 37. Nd3 Ne8 38. a3 Nc7 39. g3 Ne6+ 40. Ke3 Nc5 41. f4 Nxd3 42. Kxd3 Kc5 43. f5 b4 44. axb4+ Kxb4 45. g4 Kc5 46. g5 Kd6 47. Kd4 a4 48. f6 gxf6 49. gxf6 Ke6 50. f7 Kxf7 51. Kc3 Ke6 52. Kb4 Ke5 53. Kxa4 Ke4 54. Kb3 Ke3 55. Kc2 h5 56. h4 d4 57. Kd1 Kd3 0-1